00337nam a2200145Ia 45000030006000000080041000060400015000471000025000622450016000872500006001032600045001093000006001545460014001600050017001740STCL150530s9999 xx 000 0 und d aSTCLcSTCL aJoseph Padinjarekara aPanapathram a2 bSree Narasimha Vilasam ; Thuravoorc1979 a0 aMalayalam20220125171624.0